000
00335nam a22001457a 4500
008
210511b ||||| |||| 00| 0 eng d
020
_a
2900323066555
041
_a
eng
080
_a
610.73
082
_a
610.73
100
_a
2
101
_a
INF
245
_a
Foundations of Nursing in The Community
_c
Stanhope,M
942
_2
udc
_c
BK
999
_c
57214
_d
57214